00327nam a2200133Ia 4500008004100000041000800041082001200049100001500061245002200076250002300098260004000121300001000161650002200171230724s2008 xx 000 0 und d aeng a345/MIS aMisra S.N. aIndian Penal Code a7th ,16th,18th Ed aAllahabadbCentral Law Agencyc2008 a592p. aINDIAN PENAL CODE